Daąr, incumplir y reparar Ensayos de filosofa̕ del Derecho privado /

Detalles Bibliográficos
Autor principal: Garca̕ Amado, Juan Antonio
Formato: eBook
Lenguaje:español
Publicado: Lima: Palestra Editores, 2020
Materias:
Acceso en línea:Acceso restringido

MARC

LEADER 00000nam a22000007a 4500
005 20220819223922.0
007 cr|||| ||||
008 220819s2020 pe |||||s|||| 00||0 spa d
020 |a 9786123251338 
035 |a 36902 
040 |a vLex 
090 |c 13762  |d 13762 
100 1 |a Garca̕ Amado, Juan Antonio 
245 1 0 |a Daąr, incumplir y reparar  |h [Recurso electrn̤ico] :  |b Ensayos de filosofa̕ del Derecho privado /  |c Juan Antonio Garca̕ Amado, Diego M. Papayannis  
256 |a Servicio en ln̕ea 
260 |a Lima:  |b Palestra Editores,  |c 2020 
300 |a 1 recurso electrn̤ico 
500 |a Este libro ren︢e una serie de ensayos que han surgido de una muy fecunda interaccin̤ entre los grupos de investigacin̤ de filosofa̕ del derecho de la Universidad de Girona y la Universidad de Len̤. Los trabajos que aqu ̕se incluyen abordan diversos aspectos de la responsabilidad civil y el derecho de contratos, siempre con un enfoque fundacional, es decir, que se preocupan por las razones l︢timas que justifican las instituciones del derecho civil ms̀ que por su contingente regulacin̤ en cada sistema jurd̕ico. En conjunto, los distintos capt̕ulos abarcan desde los fundamentos ms̀ generales de la responsabilidad civil, pasando crt̕icamente por las funciones que normalmente se le atribuyen (correctiva, distributiva, restaurativa o punitiva), hasta cuestiones ms̀ especf̕icas como la justificacin̤ de la compensacin̤ por daǫ moral en las relaciones extracontractuales y la presencia de deberes de lealtad o la incidencia del altruismo en lo que hace al derecho de los contratos. En este sentido, este volumen ofrece a los lectores iberoamericanos una mirada renovada del derecho civil en la ln̕ea de lo que se denomina la “nueva filosofa̕ del derecho privado”. 
506 1 |a Disponible solo en los productos indicados  |d vLex Global  |d vLex Global (Academic Edition, excluding Law Schools)  |d vLex Global (U.S. Academic Edition, Law Schools)  |d vLex Global (U.S. Academic Edition, excluding Law Schools)  |d vLex Global (Academic Edition, Law Schools) 
650 0 4 |a Derecho Militar  |z Per︢ 
650 0 4 |a Filosofa̕ y religin̤  |z Per︢ 
740 0 |a vLex Libros (Servicio en ln̕ea) 
856 4 0 |u https://app.vlex.com/#/sources/36902  |z Acceso restringido 
942 |c BOOK 
999 0 |a Military Law 
999 0 |a Philosophy and religion